[Event "Moscow Aeroflot op-A"]
[Site "Moscow"]
[Date "2024.03.07"]
[Round "9"]
[White "Nitish, Belurkar"]
[Black "Peng, Hongchi"]
[Result "1/2-1/2"]
[WhiteElo "2443"]
[BlackElo "2395"]
[PlyCount "80"]
[EventDate "2024.03.03"]
[EventType "swiss"]
[EventRounds "9"]
[EventCountry "RUS"]
[SourceTitle "CB11_2024"]
[SourceDate "2024.03.13"]
[SourceVersion "1"]
[SourceVersionDate "2024.03.13"]
[SourceQuality "1"]

1. e4 e5 2. Nf3 Nc6 3. Bc4 Bc5 4. c3 Nf6 5. d4 exd4 6. e5 d5 7. Be2 Ne4 8. cxd4 Bb4+ 9. Nbd2 0-0 10. 0-0 f6 11. exf6 Qxf6 12. Nxe4 dxe4 13. Ne5 Be6 14. f4 Rad8 15. Nxc6 bxc6 16. Be3 Bc5 17. Qc2 Bxd4 18. Qxe4 Qg6 19. f5 Rxf5 20. Rf2 Rxf2 21. Qxg6 hxg6 22. Kxf2 Bxb2 23. Rb1 Be5 24. a4 a5 25. Rc1 Bd5 26. Rc5 Rb8 27. Bc4 Rb2+ 28. Kf1 Bxc4+ 29. Rxc4 Bd6 30. Bf2 Rb1+ 31. Ke2 Ra1 32. Be1 Bb4 33. Bxb4 Rxa4 34. Rxc6 axb4 35. Rxc7 Ra2+ 36. Kf3 b3 37. Rb7 b2 38. Kg4 Kh7 39. g3 b1Q 40. Rxb1 Rxh2 1/2-1/2

[Event "Moscow Aeroflot op-A"]
[Site "Moscow"]
[Date "2024.03.04"]
[Round "4"]
[White "Paravyan, David"]
[Black "Nitish, Belurkar"]
[Result "1/2-1/2"]
[WhiteElo "2612"]
[BlackElo "2443"]
[PlyCount "101"]
[EventDate "2024.03.03"]
[EventType "swiss"]
[EventRounds "9"]
[EventCountry "RUS"]
[SourceTitle "CB11_2024"]
[SourceDate "2024.03.13"]
[SourceVersion "1"]
[SourceVersionDate "2024.03.13"]
[SourceQuality "1"]

1. e4 c5 2. Nf3 e6 3. d4 cxd4 4. Nxd4 Nf6 5. Nc3 Nc6 6. Ndb5 Bc5 7. Nd6+ Ke7 8. Bf4 e5 9. Nf5+ Kf8 10. Bg5 d6 11. Qd2 Bb4 12. Bxf6 Qxf6 13. Ne3 Be6 14. a3 Bxc3 15. Qxc3 Rc8 16. Qd3 g6 17. Be2 Kg7 18. 0-0 Rhd8 19. c3 a6 20. Bg4 Bxg4 21. Nxg4 Qe6 22. Ne3 Ne7 23. Rad1 Rd7 24. Rd2 Rcd8 25. Rfd1 Qb3 26. Qc4 Qb6 27. h4 h5 28. g3 Ng8 29. Nd5 Qc5 30. Qb4 Qxb4 31. axb4 Nf6 32. Nb6 Rc7 33. Rxd6 Rxd6 34. Rxd6 Nxe4 35. Rd1 Rc6 36. Nd7 f6 37. Nc5 Nxc5 38. bxc5 Rxc5 39. Rd7+ Kf8 40. Rxb7 Rb5 41. Rxb5 axb5 42. Kf1 Ke7 43. Ke2 Kd6 44. Kd3 f5 45. c4 b4 46. b3 Kc5 47. Ke3 Kd6 48. f3 Kc5 49. Kd3 Kd6 50. Ke3 Kc5 51. Kd3 1/2-1/2

[Event "Moscow-ch op Superfinal"]
[Site "Ershovo"]
[Date "2024.02.29"]
[Round "9"]
[White "Nitish, Belurkar"]
[Black "Khudyakov, Stanislav"]
[Result "1-0"]
[WhiteElo "2443"]
[BlackElo "2238"]
[PlyCount "89"]
[EventDate "2024.02.23"]
[EventType "swiss"]
[EventRounds "10"]
[EventCountry "RUS"]
[SourceTitle "CB10_2024"]
[SourceDate "2024.03.06"]
[SourceVersion "1"]
[SourceVersionDate "2024.03.06"]
[SourceQuality "1"]

1. e4 c5 2. Nf3 Nc6 3. c3 Nf6 4. e5 Nd5 5. Bc4 e6 6. d4 cxd4 7. cxd4 d6 8. 0-0 dxe5 9. dxe5 Nb6 10. Bd3 Nb4 11. Be4 Qxd1 12. Rxd1 N4d5 13. a4 a5 14. Nc3 Bb4 15. Nxd5 exd5 16. Bxd5 Nxd5 17. Rxd5 Be6 18. Rd1 Bb3 19. Rd4 0-0 20. Bd2 Bc5 21. Rd3 Be6 22. Rc1 Rfc8 23. Rdc3 Bb6 24. Be3 Bxe3 25. fxe3 Rxc3 26. Rxc3 Bd7 27. b3 Be6 28. Kf2 Ra6 29. Nd4 Rb6 30. Ke2 h6 31. Kd3 Rb4 32. Kc2 Bd5 33. g3 b6 34. Rc7 Kh7 35. Rd7 Be4+ 36. Kc3 Kg6 37. g4 Bg2 38. h4 Bh3 39. Rd6+ Kh7 40. g5 hxg5 41. hxg5 Kg8 42. Rd8+ Kh7 43. Rd6 Kg8 44. g6 fxg6 45. e6 1-0

[Event "Moscow-ch op Superfinal"]
[Site "Ershovo"]
[Date "2024.02.23"]
[Round "1"]
[White "Lupolov, Boris"]
[Black "Nitish, Belurkar"]
[Result "0-1"]
[WhiteElo "2090"]
[BlackElo "2443"]
[PlyCount "52"]
[EventDate "2024.02.23"]
[EventType "swiss"]
[EventRounds "10"]
[EventCountry "RUS"]
[SourceTitle "CB10_2024"]
[SourceDate "2024.03.06"]
[SourceVersion "1"]
[SourceVersionDate "2024.03.06"]
[SourceQuality "1"]

1. d4 d5 2. c4 c6 3. Nd2 Nf6 4. Ngf3 Bf5 5. Nh4 Be4 6. Qb3 Nbd7 7. Qxb7 e5 8. Nhf3 exd4 9. Nxd4 Rb8 10. Qxc6 Bb4 11. f3 0-0 12. a3 dxc4 13. Qa4 Nc5 14. Qd1 Ba5 15. e3 Nd3+ 16. Bxd3 Bxd3 17. Kf2 Bb6 18. Nxc4 Bxc4 19. Nc6 Qxd1 20. Rxd1 Rbe8 21. Kg3 Re6 22. Nd4 Rd6 23. b4 Re8 24. Bb2 Rxe3 25. Rac1 Be6 26. Nxe6 Rdxe6 0-1

[Event "Bangalore op 1st"]
[Site "Bangalore"]
[Date "2024.01.24"]
[Round "8"]
[White "Dere, Pushkar"]
[Black "Nitish, Belurkar"]
[Result "1-0"]
[WhiteElo "2191"]
[BlackElo "2435"]
[PlyCount "93"]
[EventDate "2024.01.18"]
[EventType "swiss"]
[EventRounds "10"]
[EventCountry "IND"]
[SourceTitle "CB05_2024"]
[SourceDate "2024.01.31"]
[SourceVersion "1"]
[SourceVersionDate "2024.01.31"]
[SourceQuality "1"]

1. e4 c5 2. Nf3 d6 3. d4 cxd4 4. Nxd4 Nc6 5. c4 g6 6. Nc3 Bg7 7. Be3 Nf6 8. Be2 0-0 9. 0-0 Bd7 10. h3 Nxd4 11. Bxd4 a5 12. Nd5 Nxd5 13. cxd5 Rc8 14. Bxg7 Kxg7 15. Qd4+ Kg8 16. Rfc1 b5 17. b4 axb4 18. Qxb4 Rxc1+ 19. Rxc1 Qa8 20. Rc7 Rd8 21. a3 Kf8 22. Qc3 f6 23. Qc1 Qb8 24. Bg4 Bxg4 25. hxg4 g5 26. e5 fxe5 27. Qc2 Qb6 28. Rc3 Qd4 29. Rf3+ Ke8 30. Qc6+ Rd7 31. Qc8+ Rd8 32. Qe6 e4 33. Rf5 Qa1+ 34. Kh2 Qg7 35. g3 Ra8 36. Kg2 h6 37. Qxe4 Rc8 38. a4 bxa4 39. Qxa4+ Kd8 40. Qa5+ Kd7 41. Qb5+ Kd8 42. Rf3 Qh8 43. Qb6+ Kd7 44. Qb7+ Kd8 45. Ra3 Qd4 46. Ra7 Qe4+ 47. Kh2 1-0

[Event "Bangalore op 1st"]
[Site "Bangalore"]
[Date "2024.01.21"]
[Round "6"]
[White "Doshi, Moksh Amitbhai"]
[Black "Nitish, Belurkar"]
[Result "0-1"]
[WhiteElo "2355"]
[BlackElo "2435"]
[PlyCount "66"]
[EventDate "2024.01.18"]
[EventType "swiss"]
[EventRounds "10"]
[EventCountry "IND"]
[SourceTitle "CB05_2024"]
[SourceDate "2024.01.31"]
[SourceVersion "1"]
[SourceVersionDate "2024.01.31"]
[SourceQuality "1"]

1. d4 Nf6 2. c4 e6 3. Nf3 d5 4. Nc3 Bb4 5. cxd5 exd5 6. Bf4 c5 7. g3 Ne4 8. Rc1 Qa5 9. Bg2 Nc6 10. 0-0 Bxc3 11. bxc3 Nxc3 12. Qd3 cxd4 13. Rfe1 Ne4 14. Nxd4 Nxd4 15. Qxd4 0-0 16. Be5 f6 17. Bc7 b6 18. f3 Ng5 19. Bd6 Re8 20. a3 Be6 21. h4 Nf7 22. Bb4 Qa4 23. f4 Rad8 24. Rc7 Nd6 25. Rd1 Nf5 26. Qd3 a5 27. Be1 Ne3 28. Rdc1 Bf5 29. Qd2 Nxg2 30. Kxg2 Qe4+ 31. Kg1 Qxe2 32. Qxe2 Rxe2 33. Rb7 d4 0-1

[Event "Qatar Masters op"]
[Site "Doha"]
[Date "2023.10.14"]
[Round "4"]
[White "Rakshitta, Ravi"]
[Black "Nitish, Belurkar"]
[Result "0-1"]
[WhiteElo "2272"]
[BlackElo "2451"]
[PlyCount "86"]
[EventDate "2023.10.11"]
[EventType "swiss"]
[EventRounds "9"]
[EventCountry "QAT"]
[SourceTitle "Mega2024 Update 01"]
[Source "Chessbase"]
[SourceDate "2023.11.12"]
[SourceVersion "1"]
[SourceVersionDate "2023.11.12"]
[SourceQuality "1"]

1. Nf3 c5 2. g3 Nc6 3. d4 cxd4 4. Nxd4 g6 5. Bg2 Bg7 6. Nxc6 bxc6 7. c4 Nf6 8. Nc3 0-0 9. Bf4 d6 10. Qd2 Be6 11. 0-0 Bxc4 12. Bxc6 Rb8 13. b3 Ba6 14. Rac1 Qb6 15. Na4 Qc7 16. Bf3 Qd7 17. Qa5 Bb7 18. Qxa7 Qh3 19. e4 e5 20. Bg2 Qh5 21. Be3 Bxe4 22. Bxe4 Nxe4 23. Rc7 Nf6 24. Rxf7 Rxf7 25. Qxb8+ Bf8 26. Qa8 Ng4 27. Qg2 d5 28. Bd2 e4 29. Bc3 Bh6 30. Bd4 Bg7 31. Bxg7 Kxg7 32. Nc5 Rf6 33. h3 Ne5 34. b4 Qe2 35. Nb3 Nf3+ 36. Kh1 Qxa2 37. Nc1 Qc4 38. Rd1 d4 39. Qf1 Qxf1+ 40. Rxf1 Nd2 41. Re1 Rxf2 42. Re2 e3 43. b5 Rf1+ 0-1

[Event "Qatar Masters op"]
[Site "Doha"]
[Date "2023.10.11"]
[Round "1"]
[White "Nitish, Belurkar"]
[Black "Karamsetty, Jeevan"]
[Result "1-0"]
[WhiteElo "2451"]
[BlackElo "2300"]
[PlyCount "73"]
[EventDate "2023.10.11"]
[EventType "swiss"]
[EventRounds "9"]
[EventCountry "QAT"]
[SourceTitle "Mega2024 Update 01"]
[Source "Chessbase"]
[SourceDate "2023.11.12"]
[SourceVersion "1"]
[SourceVersionDate "2023.11.12"]
[SourceQuality "1"]

1. d4 d6 2. e4 Nf6 3. Nc3 e5 4. Nf3 Nbd7 5. Bc4 Be7 6. 0-0 0-0 7. a4 a6 8. a5 exd4 9. Nxd4 Ne5 10. Ba2 c5 11. Nf5 Nc6 12. Nxe7+ Qxe7 13. Bg5 Be6 14. Bd5 Nb4 15. Re1 Rae8 16. Qd2 Bxd5 17. exd5 Qd8 18. f3 h6 19. Bh4 g5 20. Bg3 Rxe1+ 21. Rxe1 Qxa5 22. Bxd6 Re8 23. Rxe8+ Nxe8 24. Be7 Qc7 25. d6 Qd7 26. Ne4 b6 27. h4 f5 28. Ng3 f4 29. Ne4 Nc6 30. Bf6 Kf7 31. hxg5 Nxf6 32. Qxf4 Qe6 33. gxf6 Qd5 34. Qxh6 Qd4+ 35. Kh1 Ne5 36. Ng5+ Ke8 37. f7+ 1-0

[Event "Abu Dhabi op 29th"]
[Site "Abu Dhabi"]
[Date "2023.08.18"]
[Round "3"]
[White "Nitish, Belurkar"]
[Black "Rakesh, Kumar Jena"]
[Result "1-0"]
[WhiteElo "2425"]
[BlackElo "2289"]
[PlyCount "65"]
[EventDate "2023.08.16"]
[EventType "swiss"]
[EventRounds "9"]
[EventCountry "UAE"]
[SourceTitle "EXT 2024"]
[Source "ChessBase"]
[SourceDate "2023.10.10"]
[SourceVersion "1"]
[SourceVersionDate "2023.10.10"]
[SourceQuality "1"]

1. e4 e5 2. Nf3 Nc6 3. c3 Nf6 4. d4 d6 5. Bb5 Bd7 6. 0-0 a6 7. Bc4 Bg4 8. Qb3 Qd7 9. Qxb7 Ra7 10. Qb3 Bxf3 11. gxf3 g5 12. Be3 Nh5 13. Nd2 exd4 14. cxd4 Bg7 15. Kh1 0-0 16. Qa4 h6 17. Rg1 Ne5 18. Qxd7 Nxd7 19. h4 gxh4 20. Bxh6 Ng3+ 21. fxg3 Bxh6 22. gxh4+ Kh8 23. Nf1 Nb6 24. Be2 Na4 25. Rg2 Bg7 26. Bd1 Nb6 27. Ne3 Bxd4 28. Nf5 Bf6 29. Bb3 a5 30. Rag1 a4 31. Bxf7 c5 32. Be6 Re8 33. Bg8 1-0

[Event "Riga Tech op-A"]
[Site "Riga"]
[Date "2023.08.12"]
[Round "8"]
[White "Kantans, Toms"]
[Black "Nitish, Belurkar"]
[Result "1/2-1/2"]
[WhiteElo "2500"]
[BlackElo "2425"]
[PlyCount "121"]
[EventDate "2023.08.07"]
[EventType "swiss"]
[EventRounds "9"]
[EventCountry "LAT"]
[SourceTitle "CBM 215 Extra"]
[Source "ChessBase"]
[SourceDate "2023.09.30"]
[SourceVersion "1"]
[SourceVersionDate "2023.09.30"]
[SourceQuality "1"]

1. e4 c5 2. Nf3 e6 3. d4 cxd4 4. Nxd4 Nf6 5. Nc3 Nc6 6. Nxc6 bxc6 7. e5 Nd5 8. Ne4 Qc7 9. f4 Qb6 10. c4 Ne3 11. Qd3 Bb4+ 12. Ke2 Nxc4 13. Kf3 Ba6 14. Qc2 Qd4 15. a3 Be7 16. Be2 g5 17. Bxc4 Qxc4 18. Qxc4 g4+ 19. Kxg4 Bxc4 20. Re1 Bd5 21. Bd2 Bxe4 22. Rxe4 f5+ 23. exf6 Bxf6 24. Ra2 Rb8 25. b4 Rb5 26. Kf3 Kf7 27. Rc2 Rd5 28. Be1 Rb8 29. Re3 e5 30. fxe5 Bxe5 31. g4 Kg6 32. Rce2 Bd6 33. Re4 Rf8+ 34. Kg2 Rf4 35. Rxf4 Bxf4 36. Bf2 a5 37. Re4 Bd6 38. bxa5 Rxa5 39. a4 Rd5 40. h4 h5 41. g5 Bc7 42. Re8 Rd2 43. Kf3 Ra2 44. Rg8+ Kf5 45. Rf8+ Kg6 46. Rf6+ Kg7 47. Bd4 c5 48. Rc6+ cxd4 49. Rxc7 Rxa4 50. Rxd7+ Kg6 51. Rd6+ Kf7 52. Rf6+ Kg7 53. Rf4 Kg6 54. Kf2 Ra2+ 55. Ke1 d3 56. Rf6+ Kg7 57. Rh6 Ra4 58. Rxh5 Ra6 59. Kd1 Rc6 60. Kd2 Rd6 61. Rh6 1/2-1/2

[Event "Riga Tech op-A"]
[Site "Riga"]
[Date "2023.08.08"]
[Round "3"]
[White "Nitish, Belurkar"]
[Black "Polyakov, Fedor"]
[Result "1-0"]
[WhiteElo "2425"]
[BlackElo "2113"]
[PlyCount "53"]
[EventDate "2023.08.07"]
[EventType "swiss"]
[EventRounds "9"]
[EventCountry "LAT"]
[SourceTitle "CBM 215 Extra"]
[Source "ChessBase"]
[SourceDate "2023.09.30"]
[SourceVersion "1"]
[SourceVersionDate "2023.09.30"]
[SourceQuality "1"]

1. e4 c5 2. Nf3 Nc6 3. Bb5 g6 4. 0-0 Bg7 5. c3 Nf6 6. Re1 0-0 7. d4 cxd4 8. cxd4 d6 9. h3 a6 10. Bxc6 bxc6 11. Nc3 Nd7 12. Bg5 h6 13. Be3 c5 14. Qd2 cxd4 15. Nxd4 Ne5 16. Bxh6 Nc4 17. Qe2 Bxh6 18. Qxc4 Bb7 19. Nc6 Qd7 20. Nd5 Kh8 21. Ncxe7 Rae8 22. Qc3+ Bg7 23. Qg3 Bxb2 24. Rab1 Be5 25. Qg5 Kh7 26. Qxe5 Bxd5 27. Nxd5 1-0

[Event "Piestany op-A"]
[Site "Piestany"]
[Date "2023.07.15"]
[Round "5"]
[White "Kucharska, Honorata"]
[Black "Nitish, Belurkar"]
[Result "0-1"]
[WhiteElo "2246"]
[BlackElo "2426"]
[PlyCount "104"]
[EventDate "2023.07.11"]
[EventType "swiss"]
[EventRounds "9"]
[EventCountry "SVK"]
[SourceTitle "EXT 2024"]
[Source "ChessBase"]
[SourceDate "2023.10.10"]
[SourceVersion "1"]
[SourceVersionDate "2023.10.10"]
[SourceQuality "1"]

1. Nf3 Nf6 2. c4 e6 3. e3 b6 4. Nc3 Bb7 5. d4 d5 6. Bd3 Be7 7. 0-0 0-0 8. b3 c5 9. Bb2 cxd4 10. exd4 Nc6 11. Rc1 Rc8 12. Qe2 dxc4 13. Bxc4 Nb4 14. Rfd1 Nbd5 15. Nxd5 Nxd5 16. Qd2 h6 17. Bf1 Qd6 18. Rxc8 Rxc8 19. Rc1 Rd8 20. Rd1 Rc8 21. Rc1 Rd8 22. Rd1 Nf4 23. Qe3 Bf6 24. Bc1 Nd5 25. Qe1 Rc8 26. Ne5 Nc3 27. Rd3 Nxa2 28. Nc4 Qc7 29. Bd2 a5 30. Rg3 Nb4 31. Bxh6 Nc2 32. Qd2 Nxd4 33. Bg5 Qd8 34. Qf4 Bxg5 35. Rxg5 Nf5 36. Rh5 Rc5 37. Rh3 Rd5 38. Qg4 b5 39. Ne3 Nxe3 40. fxe3 Qf6 41. Qg3 e5 42. Qe1 Qd8 43. Qb1 g6 44. Qb2 Qd6 45. Qf2 Rd1 46. Qc2 b4 47. Rg3 e4 48. Rg4 Ba6 49. Rf4 Qxf4 50. Qxd1 Qxe3+ 51. Kh1 Bxf1 52. Qxf1 Qxb3 0-1

[Event "Titled Tuesday intern op 16th May Early"]
[Site "Chess.com INT"]
[Date "2023.05.16"]
[Round "6"]
[White "Nitish, Belurkar"]
[Black "Durarbayli, Vasif"]
[Result "0-1"]
[WhiteElo "2450"]
[BlackElo "2627"]
[PlyCount "62"]
[EventDate "2023.05.16"]
[EventType "swiss (blitz)"]
[EventRounds "11"]
[EventCountry "USA"]
[SourceTitle "CBM 214 Extra"]
[Source "ChessBase"]
[SourceDate "2023.07.31"]
[SourceVersion "1"]
[SourceVersionDate "2023.07.31"]
[SourceQuality "1"]

1. d4 Nf6 2. Nf3 e6 3. Nbd2 d5 4. e3 c5 5. c3 Nc6 6. Bd3 Bd6 7. 0-0 e5 8. dxc5 Bxc5 9. e4 0-0 10. Qe2 Bg4 11. exd5 Qxd5 12. Ne4 Be7 13. h3 Bh5 14. Rd1 Qe6 15. Ng3 Bg6 16. Bc4 Qc8 17. Nxe5 Nxe5 18. Qxe5 Bc5 19. Qe2 Re8 20. Qf1 Qc7 21. Kh1 h6 22. Bd3 Rad8 23. Bxg6 Rxd1 24. Qxd1 Bxf2 25. Ne4 Rxe4 26. Bxe4 Nxe4 27. g4 Qg3 28. Qf1 Bb6 29. Qg2 Nf2+ 30. Kg1 Nxg4+ 31. Kf1 Nh2+ 0-1

[Event "Titled Tuesday intern op 16th May Early"]
[Site "Chess.com INT"]
[Date "2023.05.16"]
[Round "8"]
[White "Nitish, Belurkar"]
[Black "Keymer, Vincent"]
[Result "0-1"]
[WhiteElo "2450"]
[BlackElo "2700"]
[PlyCount "130"]
[EventDate "2023.05.16"]
[EventType "swiss (blitz)"]
[EventRounds "11"]
[EventCountry "USA"]
[SourceTitle "CBM 214 Extra"]
[Source "ChessBase"]
[SourceDate "2023.07.31"]
[SourceVersion "1"]
[SourceVersionDate "2023.07.31"]
[SourceQuality "1"]

1. d4 Nf6 2. Nf3 e6 3. Nbd2 d5 4. e3 Bd6 5. Bd3 0-0 6. 0-0 c5 7. c3 Nc6 8. Qe2 h6 9. e4 dxe4 10. Nxe4 cxd4 11. Nxf6+ Qxf6 12. Qe4 Qf5 13. Qxf5 exf5 14. Nxd4 Nxd4 15. cxd4 Be6 16. Bd2 Rfe8 17. h3 a6 18. Rfe1 Rac8 19. a3 h5 20. Rac1 g6 21. Rxc8 Rxc8 22. g3 Bf8 23. Rc1 Rd8 24. Be3 Bg7 25. Rd1 h4 26. Bf1 hxg3 27. fxg3 Bb3 28. Rd2 Bd5 29. Bg2 Bf8 30. Bxd5 Rxd5 31. Kf2 f6 32. Ke2 Kf7 33. Kd3 Ke6 34. Rc2 Rd7 35. Rc8 Bd6 36. Bf2 g5 37. Re8+ Kf7 38. Rh8 Kg7 39. Rc8 Kg6 40. Rg8+ Kf7 41. Rc8 f4 42. gxf4 Bxf4 43. Ke4 Ke6 44. h4 f5+ 45. Kf3 Bd2 46. hxg5 Bxg5 47. Re8+ Kf7 48. Re5 Kg6 49. Re6+ Kf7 50. Re5 Kf6 51. b4 Bc1 52. Ra5 Bb2 53. d5 Be5 54. Ke3 Bc7 55. Rc5 Bb6 56. Kd4 Bxc5+ 57. bxc5 f4 58. Ke4 Kg5 59. d6 Kf6 60. Kd5 Kf5 61. c6 bxc6+ 62. Kxc6 Ke6 63. Bc5 f3 64. a4 Rxd6+ 65. Bxd6 f2 0-1

[Event "Titled Tuesday intern op 16th May Early"]
[Site "Chess.com INT"]
[Date "2023.05.16"]
[Round "9"]
[White "Nitish, Belurkar"]
[Black "Melikyan, Gnel"]
[Result "1-0"]
[WhiteElo "2450"]
[BlackElo "2238"]
[PlyCount "21"]
[EventDate "2023.05.16"]
[EventType "swiss (blitz)"]
[EventRounds "11"]
[EventCountry "USA"]
[SourceTitle "CBM 214 Extra"]
[Source "ChessBase"]
[SourceDate "2023.07.31"]
[SourceVersion "1"]
[SourceVersionDate "2023.07.31"]
[SourceQuality "1"]

1. d4 Nf6 2. Nf3 c5 3. e3 cxd4 4. exd4 g6 5. Bd3 Bg7 6. 0-0 Nc6 7. Bg5 Bh6 8. Bxh6 d6 9. Re1 e6 10. c4 Ne7 11. Bg7 1-0

[Event "Indore op 1st"]
[Site "Indore"]
[Date "2023.04.03"]
[Round "4"]
[White "Nitish, Belurkar"]
[Black "Ritviz, Parab"]
[Result "1-0"]
[WhiteElo "2426"]
[BlackElo "2328"]
[PlyCount "83"]
[EventDate "2023.04.01"]
[EventType "swiss"]
[EventRounds "10"]
[EventCountry "IND"]
[SourceTitle "CBM 213 Extra"]
[Source "ChessBase"]
[SourceDate "2023.05.31"]
[SourceVersion "1"]
[SourceVersionDate "2023.05.31"]
[SourceQuality "1"]

1. e4 e5 2. Nf3 Nc6 3. Bb5 a6 4. Ba4 Nf6 5. 0-0 Be7 6. Re1 b5 7. Bb3 0-0 8. a4 b4 9. d4 d6 10. dxe5 Nxe5 11. Nxe5 dxe5 12. Qe2 Bc5 13. Be3 Bd4 14. Bxd4 Qxd4 15. Rd1 Bg4 16. Rxd4 Bxe2 17. Rd2 Rfd8 18. f3 Rxd2 19. Nxd2 Rd8 20. Nc4 Bxc4 21. Bxc4 a5 22. Rc1 Rd2 23. b3 Kf8 24. c3 bxc3 25. Rxc3 Rb2 26. Bf1 Ne8 27. Rc5 Rxb3 28. Rxe5 Nd6 29. Rxa5 Ra3 30. Ra7 f6 31. a5 c6 32. a6 Nb5 33. Bxb5 cxb5 34. Kf2 b4 35. Ke2 b3 36. Kd2 b2 37. Kc2 Rb3 38. Kb1 Rb6 39. f4 h5 40. Ra8+ Kf7 41. a7 Ra6 42. e5 1-0